• 首页
  • 本馆介绍
  • 公告通知
  • 最新文献
  • 馆藏检索
  • 电子资源
  • 读者导购
  • 参考咨询
  • 我的图书馆
  • 登录
  • 详细信息显示
  • 放入我的书架
  • 预约/预借图书
  • 作者相关作品
  • 分类相关作品
  • 丛书相关作品
  • 出版社相关作品

书目信息

  • 表格格式
  • 工作单格式
  • 卡片格式
题名:
二○○○年的科学技术
    
 
作者: 顾镜清 编
分册:  
出版信息: 上海   上海科学技术出版社  1978
页数: 338页
开本: 19cm
丛书名:
单 册:
中图分类: N11 , N67
科图分类:
主题词: 科学技术--概况--世界 , 自然科学--参考资料
电子资源:
ISBN:
000 00664nam0 2200241 45
001 0178001121
005 20061119095335.37
010    @dCNY0.89
091    @aCN@b13119.739
100    @a19950814d1978 em y0chiy0121 ea
101 0  @achi
102    @aCN@b310000
105    @ay z 000yy
200 10 @a二○○○年的科学技术@Aer ling ling ling nian de ke xue ji shu@e现状和预测@f顾镜清编
210    @a上海@c上海科学技术出版社@d1978
215    @a338页@d19cm
606    @a科学技术@x概况@y世界
606 0  @a自然科学@x参考资料
690    @aN11@v3 
690    @aN67@v3
701  0 @a顾镜清@Agu jing qing@4编
801  0 @aCN@bTSSF@c20061119
905    @a10447@dN67@e2
    
    二○○○年的科学技术:现状和预测/顾镜清编.-上海:上海科学技术出版社,1978
    338页;19cm
    
    
    ISBN :CNY0.89
    
●
相关链接 在E读中查询图书 在五车中查询图书 在当当中查询图书 在豆瓣中查询图书


正题名:二○○○年的科学技术     索取号:N67/2         预约/预借

序号 登录号 条形码 馆藏地/架位号 状态 备注
1 0016526   202088481   第二样本阅览室/ [索取号:N67/2] 在馆    
唐山师范学院图书馆 欢迎您!
大连网信软件有限公司© 版权所有